[Event "Pfalz op-B 10th"]
[Site "Neustadt an der Weinstrasse"]
[Date "2019.03.03"]
[Round "4"]
[White "Flemming, Klaus"]
[Black "Gutzen, Werner"]
[Result "0-1"]
[WhiteElo "1722"]
[BlackElo "1871"]
[PlyCount "45"]
[EventDate "2019.03.01"]
[EventType "swiss"]
[EventRounds "7"]
[EventCountry "GER"]
[SourceTitle "CBM 189 Extra"]
[Source "ChessBase"]
[SourceDate "2019.06.03"]
[SourceVersion "1"]
[SourceVersionDate "2019.06.03"]
[SourceQuality "1"]

1. Nf3 f5 2. c4 Nf6 3. Nc3 d6 4. d4 e6 5. g3 Be7 6. Bg2 0-0 7. 0-0 Ne4 8. Qc2 Nxc3 9. bxc3 Nc6 10. e4 e5 11. Re1 f4 12. Ba3 g5 13. d5 g4 14. Nd2 Na5 15. Bb4 b6 16. Bxa5 bxa5 17. c5 f3 18. Bf1 h5 19. Nc4 h4 20. Reb1 hxg3 21. fxg3 Bg5 22. cxd6 cxd6 23. Nxa5 0-1

[Event "Pfalz op-B 10th"]
[Site "Neustadt an der Weinstrasse"]
[Date "2019.03.03"]
[Round "5"]
[White "Lohr, Werner"]
[Black "Flemming, Klaus"]
[Result "1/2-1/2"]
[WhiteElo "1855"]
[BlackElo "1722"]
[PlyCount "58"]
[EventDate "2019.03.01"]
[EventType "swiss"]
[EventRounds "7"]
[EventCountry "GER"]
[SourceTitle "CBM 189 Extra"]
[Source "ChessBase"]
[SourceDate "2019.06.03"]
[SourceVersion "1"]
[SourceVersionDate "2019.06.03"]
[SourceQuality "1"]

1. e4 e6 2. d4 d5 3. e5 c5 4. c3 Qb6 5. Nf3 Bd7 6. Bd3 Bb5 7. 0-0 Bxd3 8. Qxd3 Ne7 9. dxc5 Qxc5 10. b4 Qc7 11. Bf4 Ng6 12. Bg3 Be7 13. Nbd2 Nd7 14. Rfe1 Rc8 15. Rac1 Nb6 16. Nd4 a6 17. f4 Nc4 18. N2f3 0-0 19. f5 exf5 20. Nxf5 Qd7 21. N3d4 Bg5 22. Rc2 Bf4 23. e6 fxe6 24. Nxe6 Rf7 25. Bxf4 Nxf4 26. Nxf4 Qxf5 27. Qxf5 Rxf5 28. g3 Ne5 29. Kg2 d4 1/2-1/2

[Event "Pfalz op-B 10th"]
[Site "Neustadt an der Weinstrasse"]
[Date "2019.03.02"]
[Round "3"]
[White "Broncel, Kevin"]
[Black "Flemming, Klaus"]
[Result "0-1"]
[WhiteElo "1523"]
[BlackElo "1722"]
[PlyCount "62"]
[EventDate "2019.03.01"]
[EventType "swiss"]
[EventRounds "7"]
[EventCountry "GER"]
[SourceTitle "CBM 189 Extra"]
[Source "ChessBase"]
[SourceDate "2019.06.03"]
[SourceVersion "1"]
[SourceVersionDate "2019.06.03"]
[SourceQuality "1"]

1. e4 e6 2. b3 d5 3. Bb2 Nf6 4. e5 Nfd7 5. Qg4 c5 6. f4 g6 7. Nc3 a6 8. Nf3 Nc6 9. Nxd5 Rg8 10. Nc3 b5 11. 0-0-0 Nb6 12. Ne4 Be7 13. Kb1 Bb7 14. Nc3 b4 15. Ne2 a5 16. Ng3 Kf8 17. Bb5 a4 18. Rhe1 axb3 19. cxb3 Ra5 20. Bxc6 Bxc6 21. Ne2 Qd3+ 22. Ka1 Qxb3 23. Nc1 Qc2 24. Ng5 Nc4 25. Nd3 Qxd3 26. Nxe6+ fxe6 27. Qxe6 Nxb2 28. Qxc6 Nxd1 29. Qc8+ Qd8 30. Qxd8+ Bxd8 31. e6 Ke7 0-1

[Event "Pfalz op-B 9th"]
[Site "Neustadt an der Weinstrasse"]
[Date "2018.02.11"]
[Round "5"]
[White "Reissfelder, Matthias"]
[Black "Flemming, Klaus"]
[Result "1-0"]
[WhiteElo "1832"]
[BlackElo "1750"]
[PlyCount "95"]
[EventDate "2018.02.09"]
[EventType "swiss"]
[EventRounds "7"]
[EventCountry "GER"]
[SourceTitle "CBM 182 Extra"]
[Source "ChessBase"]
[SourceDate "2018.02.23"]
[SourceVersion "1"]
[SourceVersionDate "2018.02.23"]
[SourceQuality "1"]

1. f4 Nf6 2. Nf3 g6 3. g3 Bg7 4. Bg2 c5 5. 0-0 0-0 6. d3 Nc6 7. Nc3 d5 8. e4 dxe4 9. Nxe4 Nxe4 10. dxe4 Qc7 11. c3 b6 12. Be3 Bb7 13. Qc2 Rad8 14. Rad1 Rxd1 15. Rxd1 Rd8 16. e5 Rxd1+ 17. Qxd1 Qd8 18. Qxd8+ Nxd8 19. Kf2 f6 20. exf6 exf6 21. Bf1 Bd5 22. b3 Kf7 23. c4 Bc6 24. Bd3 Nb7 25. Nd2 Nd6 26. a3 Ke6 27. b4 cxb4 28. axb4 Nf5 29. g4 Nxe3 30. Kxe3 f5 31. gxf5+ gxf5 32. Nb3 Kf6 33. c5 bxc5 34. Nxc5 Bf8 35. Kd4 Bh6 36. Ke3 Bf8 37. Kd4 Bd6 38. b5 Be8 39. h3 Bxf4 40. Kd5 Be3 41. Nb7 f4 42. Nd6 Bg6 43. Ne4+ Ke7 44. Ke5 f3 45. Bf1 Kf7 46. Nd6+ Kg7 47. Nf5+ Kf7 48. Nxe3 1-0

[Event "Barcelona Sant Marti op-B 19th"]
[Site "Barcelona"]
[Date "2017.07.20"]
[Round "8"]
[White "Flemming, Klaus"]
[Black "Rodriguez Monago, Juan Antonio"]
[Result "0-1"]
[WhiteElo "1766"]
[BlackElo "1468"]
[PlyCount "36"]
[EventDate "2017.07.13"]
[EventType "swiss"]
[EventRounds "9"]
[EventCountry "ESP"]
[SourceTitle "EXT 2018"]
[Source "ChessBase"]
[SourceDate "2017.10.13"]
[SourceVersion "1"]
[SourceVersionDate "2017.10.13"]
[SourceQuality "1"]

1. Nf3 Nf6 2. c4 b6 3. d4 d5 4. cxd5 Qxd5 5. g3 Bb7 6. Bg2 Qd8 7. 0-0 e6 8. b3 Be7 9. Bb2 0-0 10. Nc3 Nbd7 11. Rc1 Rc8 12. Qd2 c5 13. Rfd1 cxd4 14. Qxd4 Nc5 15. Qf4 Qe8 16. b4 Na4 17. Ba1 Nxc3 18. Bxc3 Nd5 0-1

[Event "Rhein Main op-B 19th"]
[Site "Bad Homburg"]
[Date "2016.05.29"]
[Round "7"]
[White "Flemming, Klaus"]
[Black "Engel, Jan"]
[Result "0-1"]
[WhiteElo "1819"]
[BlackElo "1794"]
[PlyCount "26"]
[EventDate "2016.05.25"]
[EventType "swiss"]
[EventRounds "7"]
[EventCountry "GER"]
[SourceTitle "EXT 2017"]
[Source "ChessBase"]
[SourceDate "2016.10.25"]
[SourceVersion "1"]
[SourceVersionDate "2016.10.25"]
[SourceQuality "1"]

1. Nf3 Nf6 2. c4 e6 3. Nc3 d5 4. d4 c6 5. Bg5 h6 6. Bh4 dxc4 7. e4 g5 8. Bg3 b5 9. e5 Nd5 10. Ne4 Nd7 11. a4 Bb7 12. axb5 cxb5 13. b3 Bb4+ 0-1

[Event "Rhein Main op-B 19th"]
[Site "Bad Homburg"]
[Date "2016.05.26"]
[Round "2"]
[White "Hegener, Daniel"]
[Black "Flemming, Klaus"]
[Result "0-1"]
[WhiteElo "1636"]
[BlackElo "1819"]
[PlyCount "64"]
[EventDate "2016.05.25"]
[EventType "swiss"]
[EventRounds "7"]
[EventCountry "GER"]
[SourceTitle "EXT 2017"]
[Source "ChessBase"]
[SourceDate "2016.10.25"]
[SourceVersion "1"]
[SourceVersionDate "2016.10.25"]
[SourceQuality "1"]

1. Nf3 d5 2. c4 e6 3. b3 Nf6 4. Bb2 Be7 5. g3 0-0 6. Bg2 c5 7. 0-0 Nc6 8. d3 d4 9. Nbd2 e5 10. Re1 Bf5 11. Nh4 Bd7 12. Nhf3 Bd6 13. Ng5 Rc8 14. Nge4 Nxe4 15. Nxe4 Be7 16. e3 f5 17. Nd2 Bd6 18. exd4 exd4 19. Bd5+ Kh8 20. Bc1 Qf6 21. Nf3 h6 22. a3 f4 23. Kg2 fxg3 24. fxg3 b6 25. Rf1 Ne7 26. Nd2 Qe5 27. Re1 Qf5 28. Be4 Qh3+ 29. Kg1 Bxg3 30. hxg3 Qxg3+ 31. Bg2 Rf2 32. Re2 Qxg2# 0-1

[Event "Arber op 3rd"]
[Site "Bayerisch Eisenstein"]
[Date "2014.08.23"]
[Round "8"]
[White "Hubel, Hans Martin"]
[Black "Flemming, Klaus"]
[Result "1/2-1/2"]
[WhiteElo "1795"]
[BlackElo "1766"]
[PlyCount "52"]
[EventDate "2014.08.16"]
[EventType "swiss"]
[EventRounds "9"]
[EventCountry "GER"]
[SourceTitle "CBM 161 Extra"]
[Source "ChessBase"]
[SourceDate "2014.08.29"]
[SourceVersion "1"]
[SourceVersionDate "2014.08.29"]
[SourceQuality "1"]

1. e4 e6 2. d4 d5 3. Nd2 Nf6 4. e5 Nfd7 5. f4 c5 6. Ngf3 cxd4 7. Nb3 Nc6 8. Nbxd4 Nxd4 9. Nxd4 a6 10. Bd3 Nc5 11. 0-0 Nxd3 12. Qxd3 Bc5 13. Be3 Bd7 14. Rf3 Qb6 15. Nb3 Bxe3+ 16. Qxe3 Qc7 17. Qf2 Rc8 18. c3 g6 19. Re1 h5 20. Kh1 a5 21. Nd4 b5 22. a3 b4 23. axb4 axb4 24. Ra1 Qb6 25. Qf1 bxc3 26. bxc3 0-0 1/2-1/2

[Event "Arber op 3rd"]
[Site "Bayerisch Eisenstein"]
[Date "2014.08.21"]
[Round "6"]
[White "Blank, Stefan"]
[Black "Flemming, Klaus"]
[Result "1/2-1/2"]
[WhiteElo "1838"]
[BlackElo "1766"]
[PlyCount "111"]
[EventDate "2014.08.16"]
[EventType "swiss"]
[EventRounds "9"]
[EventCountry "GER"]
[SourceTitle "CBM 161 Extra"]
[Source "ChessBase"]
[SourceDate "2014.08.29"]
[SourceVersion "1"]
[SourceVersionDate "2014.08.29"]
[SourceQuality "1"]

1. e4 e6 2. d3 d5 3. Nd2 c5 4. Ngf3 Nc6 5. g3 b5 6. Bg2 Bb7 7. 0-0 Be7 8. Re1 Nf6 9. e5 Nd7 10. c3 Nb6 11. h4 h6 12. Nf1 d4 13. Bf4 Nd5 14. cxd4 Nxf4 15. gxf4 cxd4 16. h5 Nb4 17. a3 Bxf3 18. Bxf3 Nd5 19. Qb3 Rb8 20. Bxd5 exd5 21. Rac1 Qd7 22. Ng3 0-0 23. f5 Bh4 24. e6 fxe6 25. fxe6 Qd6 26. Qc2 Rbe8 27. Qc7 Rxe6 28. Qxd6 Rxd6 29. Rc7 Rdf6 30. Ree7 R6f7 31. Rxf7 Rxf7 32. Rc8+ Kh7 33. Kg2 Rb7 34. Nf5 Bf6 35. Nd6 Rb6 36. Nf7 g6 37. hxg6+ Kxg6 38. Nd8 a5 39. Nc6 a4 40. Nb4 Bg5 41. Nxd5 Rb7 42. Rc6+ Kf5 43. f4 Be7 44. Rxh6 b4 45. Nxe7+ Rxe7 46. axb4 Re2+ 47. Kf3 Re3+ 48. Kf2 Rxd3 49. Ra6 Rb3 50. Rxa4 Kxf4 51. Ke2 Ke4 52. Kd2 Rxb2+ 53. Kc1 Rh2 54. b5 Kd5 55. b6 Kc6 56. Rxd4 1/2-1/2

[Event "Arber op 3rd"]
[Site "Bayerisch Eisenstein"]
[Date "2014.08.20"]
[Round "5"]
[White "Flemming, Klaus"]
[Black "Stutz, Robert"]
[Result "0-1"]
[WhiteElo "1766"]
[BlackElo "1830"]
[PlyCount "66"]
[EventDate "2014.08.16"]
[EventType "swiss"]
[EventRounds "9"]
[EventCountry "GER"]
[SourceTitle "CBM 161 Extra"]
[Source "ChessBase"]
[SourceDate "2014.08.29"]
[SourceVersion "1"]
[SourceVersionDate "2014.08.29"]
[SourceQuality "1"]

1. d4 d5 2. Nf3 c6 3. e3 Bg4 4. Nbd2 f5 5. Be2 Nf6 6. Ne5 Bxe2 7. Qxe2 e6 8. 0-0 Bd6 9. f4 Nbd7 10. c4 Qe7 11. Ndf3 0-0-0 12. Bd2 Rdg8 13. a3 Ne4 14. b4 g5 15. Nxd7 Qxd7 16. b5 gxf4 17. exf4 Rg4 18. bxc6 Qxc6 19. Rac1 Kb8 20. Ne5 Bxe5 21. fxe5 Rhg8 22. Bf4 Rxg2+ 23. Qxg2 Rxg2+ 24. Kxg2 dxc4 25. Rf3 Qd5 26. Rd1 c3 27. Kg1 Qa2 28. Bc1 Qe2 29. Rdf1 h5 30. d5 Nd2 31. R3f2 Qg4+ 32. Rg2 Qd4+ 33. Rff2 Nf3+ 0-1

[Event "Hamburg St Pauli op-B"]
[Site "Hamburg"]
[Date "2013.07.09"]
[Round "4"]
[White "Schultze, Steffen"]
[Black "Flemming, Klaus"]
[Result "1/2-1/2"]
[WhiteElo "1760"]
[BlackElo "1784"]
[PlyCount "51"]
[EventDate "2013.07.06"]
[EventType "swiss"]
[EventRounds "9"]
[EventCountry "GER"]
[SourceTitle "EXT 2014"]
[Source "ChessBase"]
[SourceDate "2013.11.20"]
[SourceVersion "1"]
[SourceVersionDate "2013.11.20"]
[SourceQuality "1"]

1. d4 d5 2. c4 e6 3. Nf3 Nf6 4. g3 Bb4+ 5. Bd2 Bxd2+ 6. Nbxd2 0-0 7. Bg2 Nbd7 8. 0-0 c6 9. Qc2 Re8 10. e4 dxe4 11. Nxe4 Qc7 12. Rad1 b6 13. Rfe1 Bb7 14. Nxf6+ Nxf6 15. Ne5 Red8 16. b3 Rac8 17. Qe2 g6 18. Nf3 Qe7 19. Ne5 Rc7 20. Bh3 c5 21. dxc5 Rxd1 22. Rxd1 Qxc5 23. Bg2 Ne4 24. Bxe4 Qxe5 25. Bf3 Qxe2 26. Bxe2 1/2-1/2

[Event "Hofheim Spring op-B 1st"]
[Site "Hofheim"]
[Date "2013.04.06"]
[Round "7"]
[White "Krasnopeyeva, Julia"]
[Black "Flemming, Klaus"]
[Result "1-0"]
[WhiteElo "1962"]
[BlackElo "1789"]
[PlyCount "59"]
[EventDate "2013.04.02"]
[EventType "swiss"]
[EventRounds "9"]
[EventCountry "GER"]
[SourceTitle "EXT 2018"]
[Source "ChessBase"]
[SourceDate "2017.10.13"]
[SourceVersion "1"]
[SourceVersionDate "2017.10.13"]
[SourceQuality "1"]

1. e4 e6 2. d4 d5 3. Nc3 Bb4 4. e5 c5 5. a3 Bxc3+ 6. bxc3 Qc7 7. Nf3 Ne7 8. h4 b6 9. Bb5+ Bd7 10. Bd3 c4 11. Be2 Nbc6 12. h5 h6 13. 0-0 f6 14. exf6 gxf6 15. Nh4 0-0-0 16. Bg4 Rdg8 17. Qf3 Rh7 18. Bh3 e5 19. Bxd7+ Qxd7 20. Qxf6 exd4 21. cxd4 Qg4 22. Bf4 Qxh5 23. Rae1 Rf7 24. Qd6 Kb7 25. Bg3 Ng6 26. Re6 Nxd4 27. Rxg6 Ne2+ 28. Kh2 Nxg3 29. fxg3 Rxf1 30. Rxg8 1-0

[Event "Hofheim Spring op-B 1st"]
[Site "Hofheim"]
[Date "2013.04.05"]
[Round "5"]
[White "Veenstra, Sander"]
[Black "Flemming, Klaus"]
[Result "1/2-1/2"]
[WhiteElo "1907"]
[BlackElo "1789"]
[PlyCount "81"]
[EventDate "2013.04.02"]
[EventType "swiss"]
[EventRounds "9"]
[EventCountry "GER"]
[SourceTitle "EXT 2018"]
[Source "ChessBase"]
[SourceDate "2017.10.13"]
[SourceVersion "1"]
[SourceVersionDate "2017.10.13"]
[SourceQuality "1"]

1. e4 e6 2. Nc3 d5 3. Nf3 d4 4. Ne2 c5 5. c3 Nc6 6. cxd4 cxd4 7. Qa4 Bc5 8. b4 Bxb4 9. Nexd4 Nge7 10. Bb5 Qa5 11. Qxa5 Bxa5 12. Ne5 Bd7 13. Nxd7 Kxd7 14. Nb3 Bb6 15. Bb2 f6 16. d4 a6 17. Be2 Rac8 18. Kd2 Na5 19. Rac1 Nxb3+ 20. axb3 Ba5+ 21. Kd3 Nc6 22. Ba3 Nb4+ 23. Bxb4 Bxb4 24. Rc4 Ba5 25. Rhc1 g6 26. e5 fxe5 27. dxe5 Rxc4 28. Rxc4 Bb6 29. Rb4 Kc7 30. Rc4+ Kd7 31. f4 Bg1 32. Bf3 b6 33. Rc6 Rc8 34. Rd6+ Ke7 35. Bg4 Rd8 36. Rxd8 Kxd8 37. Bxe6 Bxh2 38. Ke4 Ke7 39. Bc8 a5 40. g4 b5 41. f5 1/2-1/2

[Event "Arber op 1st"]
[Site "Bayerisch Eisenstein"]
[Date "2012.08.23"]
[Round "6"]
[White "Redlich, Bernd"]
[Black "Flemming, Klaus"]
[Result "1-0"]
[WhiteElo "1809"]
[BlackElo "1592"]
[PlyCount "24"]
[EventDate "2012.08.18"]
[EventType "swiss"]
[EventRounds "9"]
[EventCountry "GER"]
[SourceTitle "CBM 150 Extra"]
[Source "ChessBase"]
[SourceDate "2012.10.19"]
[SourceVersion "1"]
[SourceVersionDate "2012.10.19"]
[SourceQuality "1"]

1. e4 e6 2. d4 d5 3. Nc3 Bb4 4. e5 c5 5. a3 Bxc3+ 6. bxc3 Qc7 7. Nf3 Ne7 8. Bd3 b6 9. 0-0 Ba6 10. Be3 Bxd3 11. Qxd3 cxd4 12. cxd4 Nbc6 1-0

[Event "Arber op 1st"]
[Site "Bayerisch Eisenstein"]
[Date "2012.08.21"]
[Round "4"]
[White "Flemming, Klaus"]
[Black "Ivanov, Artem"]
[Result "0-1"]
[WhiteElo "1592"]
[BlackElo "1945"]
[PlyCount "50"]
[EventDate "2012.08.18"]
[EventType "swiss"]
[EventRounds "9"]
[EventCountry "GER"]
[SourceTitle "CBM 150 Extra"]
[Source "ChessBase"]
[SourceDate "2012.10.19"]
[SourceVersion "1"]
[SourceVersionDate "2012.10.19"]
[SourceQuality "1"]

1. d4 Nf6 2. Nf3 g6 3. Bf4 Bg7 4. h3 d5 5. e3 0-0 6. Bd3 c5 7. c3 Qb6 8. b3 c4 9. Bc2 a5 10. Nbd2 cxb3 11. axb3 Qc6 12. c4 b6 13. Ne5 Qb7 14. 0-0 Nbd7 15. Qb1 Nxe5 16. Bxe5 Be6 17. Bd3 Nh5 18. Bxg7 Nxg7 19. e4 dxc4 20. bxc4 Nh5 21. f4 f5 22. e5 Rfd8 23. d5 Bf7 24. Nb3 Qc7 25. Be2 Ng3 0-1